| 000 | 01092cam a2200325 a 4500 | ||
|---|---|---|---|
| 999 |
_c2543 _d2543 |
||
| 001 | 016673648 | ||
| 003 | UkOxU | ||
| 005 | 20230713111332.0 | ||
| 008 | 031113r20041998enka j 000 0 eng | ||
| 015 |
_aGBA4Y8145 _2bnb |
||
| 020 | _a9780749656515 (pbk.) | ||
| 035 | _a(Uk)006928685 | ||
| 040 |
_dUk _dKH8 _cStDuBDS |
||
| 042 | _aukblsr | ||
| 082 | 0 | 4 |
_a823.19 PAR _222 |
| 100 | 1 |
_aParker, Victoria. _eAuthor |
|
| 245 | 1 | 0 |
_aWho are you? : _bon the farm / _cVic Parker and Ross Collins. |
| 246 | 1 | 8 | _aWho are you? on the farm |
| 246 | 3 | 0 | _aOn the farm |
| 260 |
_aLondon : _bWatts, _c2004. |
||
| 300 |
_a[20] p. : _bcol. ill. ; _c21 cm. |
||
| 500 | _a"Produced in association with the Early Childhood Centre, Froebel Institute College, Roehampton Institute"--back cover. | ||
| 500 | _aOriginally published as: On the farm. 1998. | ||
| 650 | 0 |
_aDomestic animals _vJuvenile literature. |
|
| 700 | 1 |
_aCollins, Ross. _eAuthor |
|
| 700 | 1 |
_aCollins, Ross. _tOn the farm. |
|
| 710 | 2 | _aEarly Childhood Centre (Froebel Institute College) | |
| 830 | 0 | _aMe and my world | |
| 942 |
_2ddc _cBK |
||